Manual de derecho procesal civil

محفوظ في:
التفاصيل البيبلوغرافية
المؤلف الرئيسي: Pina, Rafael de (مؤلف)
التنسيق: كتاب
اللغة:الإسبانية
منشور في: Madrid Reus 1936
سلاسل:Biblioteca Jurídica de Autores Españoles y Extranjeros, 88
الموضوعات:
الوسوم: إضافة وسم
لا توجد وسوم, كن أول من يضع وسما على هذه التسجيلة!

MARC

LEADER 00000nam a2200000 a 4500
001 UCS1256
003 CL-VaPUC
008 970509e19360000SP |||||||||||||||||spa|d
082 0 4 |a 347.05  |b PIN  |2 21 
100 0 |a Pina, Rafael de  |e author  |9 385564 
245 1 0 |a Manual de derecho procesal civil 
300 |a 592 p 
942 |c BK 
945 |d 19970509 00:00:00  |a paguirre 
260 |a Madrid  |b Reus  |c 1936 
650 0 |a Derecho procesal civil  |9 258071 
650 0 |a Procedimiento civil  |9 254870 
650 0 |a Administración de justicia  |9 382749 
650 0 |a Jueces  |9 256162 
650 0 |a Jurisdicción  |9 255090 
650 0 |a Prueba  |9 256247 
650 7 |a CONTENCIOSO ADMINISTRATIVO  |2 CL-VaPUC  |9 255490 
583 |a last modification  |c 19970509 00:00:00  |k Rodrigo Vera 
490 0 |a Biblioteca Jurídica de Autores Españoles y Extranjeros, 88 
999 |c 259355  |d 259353 
952 |0 0  |1 0  |4 0  |6 347_050000000000000_PIN_1936  |7 0  |8 A  |9 284052  |a BIBDER  |b BIBDER  |d 2019-11-19  |i 1843281  |o 347.05 PIN 1936  |p 1843281  |r 2023-01-25  |w 2019-11-19  |y BK  |k DER